Facultad de Derecho – Universidad Nacional de Mar del Plata

Memorias de las Jornadas Capacitación Ambiental metropolitanas en el año del Bicentenario (Record no. 4583)

MARC details
000 -CABECERA
campo de control de longitud fija 00889nam a2200145 4500
020 ## - NUMERO INTERNACIONAL NORMALIZADO PARA LIBROS (ISBN)
International Standard Book Number 9789873001192
080 ## - NUMERO DE CLASIFICACION DECIMAL UNIVERSAL (CDU)
Número de la Clasificación Decimal Universal 349.6 M 519
245 ## - MENCION DE TITULO
Título propiamente dicho Memorias de las Jornadas Capacitación Ambiental metropolitanas en el año del Bicentenario
260 ## - PUBLICACION, DISTRIBUCION, ETC. (PIE DE IMPRENTA)
Lugar de publicación, distribución, etc. Santa Fé
Nombre del editor, distribuidor, etc. Rubinzal- Culzoni
Fecha de publicación, distribución, etc. 2010
300 ## - DESCRIPCION FISICA
Extensión 240 P.
Dimensiones 23 X 16 Cm.
650 ## - ASIENTO SECUNDARIO DE MATERIA - TERMINO TEMATICO
Subdivisión general medio ambiente
-- derecho ambiental
-- fiscalias ambientales
-- derecho constitucional
-- derecho a la salud
-- caso Mendoza
-- jurisprudencia
700 ## - ASIENTO SECUNDARIO - NOMBRE PERSONAL
Nombre personal Bibiloni, Homero M.
Término de relación Brailovsky Antonio Elio
-- Catalano Mariana
-- Del Campo Cristina
-- Devia Leila
-- Esáin José
-- Ferrer Silvia
-- Fidalgo de Cortalezzi, María M.
-- Gallegos Fedrirani, Pablo Oscar
-- Gerola Graciela
-- Gutiérrez Colantuono Pablo Ängel
-- Lauretta Juan Ricardo
-- Malpartida Alejandro
-- Muñoz Claudio M.
-- Nápoli Andrés M.
-- Petrella Alejandra
-- Pierini Alicia
942 ## - ELEMENTOS AGREGADOS (KOHA)
Clasificación normalizada de Koha para alfabetizar _
945 ## - INFORMACION DE PROCESAMIENTO LOCAL
Responsable de carga/modificación Celeste Delía
AAAA-MM-DD - Fecha de ingreso/modificación 2017-08-16
Holdings
Retirado Perdido Fuente de clasificación Dañado No se presta Ubicación permanente Locación actual Estante o sala Fecha de adquisición Total préstamos Signatura topográfica Inventario Ultima fecha vista Fecha del precio Tipo de item de Koha
          Bib. Derecho Bib. Derecho Sala de Lectura 16/08/2017   349.6 M 519 203459 16/08/2017 16/08/2017 LIBRO (Consulta)

XHTML | CSS | ©Biblioteca Central - Dto. Tecnología de la Información - [ Con tecnología Koha ]